Skúšky 400 kV izolátorových závesov

Uložené v:
Podrobná bibliografia
Hlavný autor: Škumát, Tomáš (Autor)
Ďalší autori: Kment, Attila (Vedúci práce)
Médium: Rukopis Kniha
Jazyk:Slovak
Vydavateľské údaje: 2015
Predmet:
On-line prístup:http://is.stuba.sk/zp/portal_zp.pl?podrobnosti=111741
Tagy: Pridať tag
Žiadne tagy, Buďte prvý, kto otaguje tento záznam!

MARC

LEADER 00000ntm a22000003a 4500
001 stuzp46581
003 SK-STU
005 20160719153129.0
007 ta
008 150427s2015----xo-----f-mn---000-0-slo-d
040 |a STU  |b slo 
041 0 |a slo 
100 1 |a Škumát, Tomáš  |u 032000  |4 aut  |U FEI Fakulta elektrotechniky a informatiky  |T FEI Ústav elektroenergetiky a aplikovanej elektrotechniky  |X 6126  |U E020  |Y 548  |7 A000006126 
242 0 1 |a Tests of 400 kV insulator sets  |y eng 
245 1 0 |a Skúšky 400 kV izolátorových závesov 
260 |c 2015 
300 |a 64 s. 
650 4 |a izolátor  |2 slo 
650 4 |a izolátorový záves  |2 slo 
650 4 |a napäťové skúšky  |2 slo 
650 4 |a skúšky skratovej odolnosti  |2 slo 
650 4 |a mechanické skúšky  |2 slo 
650 4 |a insulator  |2 eng 
650 4 |a insulator set  |2 eng 
650 4 |a high voltage tests  |2 eng 
650 4 |a power arc tests  |2 eng 
650 4 |a mechanical tests  |2 eng 
700 1 |a Kment, Attila  |4 ths  |X 10228  |7 A000010228 
856 4 |u http://is.stuba.sk/zp/portal_zp.pl?podrobnosti=111741 
996 |b 284EP11234  |c E*DIPL- 11234  |l EE32  |s P  |a 0  |w stuzp46581_0001 
SQL |a stuzp46581  |b DDP  |c SLO  |d Skúšky 400 kV izolátorových závesov  |e 6126  |f Škumát, Tomáš  |g 032000  |h 10228  |i Kment, Attila  |j 20150617  |k 79  |l 03  |m http://is.stuba.sk/zp/portal_zp.pl?podrobnosti=111741  |n I-EE  |o 5.2.9. elektrotechnika